Kingston, Ohio, medical account book, (Record no. 43298)

MARC details
000 -LEADER
fixed length control field 00771cpcaa2200229 4500
001 - CONTROL NUMBER
control field mm 81086835
003 - CONTROL NUMBER IDENTIFIER
control field DLC
005 - DATE AND TIME OF LATEST TRANSACTION
control field 20260227111710.0
008 - FIXED-LENGTH DATA ELEMENTS--GENERAL INFORMATION
fixed length control field 810928|||||||||||| eng
010 ## - LIBRARY OF CONGRESS CONTROL NUMBER
LC control number mm 81086835
040 ## - CATALOGING SOURCE
Original cataloging agency DLC
Transcribing agency DLC
Description conventions dacs
Modifying agency DLC
072 #7 - SUBJECT CATEGORY CODE
Subject category code N
Source lcmd
245 00 - TITLE STATEMENT
Title Kingston, Ohio, medical account book,
Inclusive dates 1831-1833.
300 ## - PHYSICAL DESCRIPTION
Extent 1
Type of unit item.
300 ## - PHYSICAL DESCRIPTION
Extent 1
Type of unit container.
506 0# - RESTRICTIONS ON ACCESS NOTE
Terms governing access Open to research.
520 8# - SUMMARY, ETC.
Summary, etc. Medical account book of an unknown person of Kingston, Ohio.
546 ## - LANGUAGE NOTE
Language note Collection material in English.
650 #0 - SUBJECT ADDED ENTRY--TOPICAL TERM
Topical term or geographic name entry element Medicine
General subdivision Practice
Geographic subdivision Ohio
-- Kingston.

No items available.

Powered by Koha